000 00832nam a2200217 i 4500
001 bg
245 0 _aMetody numeryczne w konstruowaniu obrabiarek :
_bWrocław, 15-16 października 1980 r. /
_cred. nauk. Bogusław Dembiński.
260 _aWrocław :
_bWydaw. PW,
_c1980.
490 1 _aPrace Naukowe Instytutu Technologii Budowy Maszyn Politechniki Wrocławskiej. Konferencje ;
_v5
500 _aW serii gł. nr 25.
650 9 _aObrabiarki
_xbudowa i konstrukcje
650 9 _aAnaliza numeryczna
_xstosowanie
655 _aMateriały konferencyjne
700 1 _aDEMBIŃSKI, Bogusław.
_eRed.
830 0 _aPrace Naukowe Instytutu Technologii Budowy Maszyn Politechniki Wrocławskiej.
_pKonferencje
040 _cBPK
041 _apol
080 _a621.9.06(061)
942 _cKS
008 s pl f |000 0 pol
999 _c20093
_d20093
856 _uhttp://koha.tu.koszalin.pl/cgi-bin/koha/opac-detail.pl?biblionumber=20093
_yKatalog online BPK